| 000 | 00808cam a22002414a 4500 | ||
|---|---|---|---|
| 001 | 11800625 | ||
| 005 | 20251030133813.0 | ||
| 008 | 991001s2000 enk b 001 0 eng | ||
| 020 |
_a0335201687 _qhbk. |
||
| 020 |
_a0335201679 _qpbk. |
||
| 020 |
_a9780335201686 _q(hbk.) |
||
| 020 |
_a9780335201679 _q(pbk.) |
||
| 050 | 0 | 0 |
_aRT86.4 _b.W54 2000 |
| 082 | 0 | 0 |
_a362.1/0941 _221 |
| 100 | 1 |
_aWilliams, Anne, _d1944- |
|
| 245 | 1 | 0 |
_aNursing, medicine, and primary care / _cAnne Williams. |
| 260 |
_aBuckingham ; _aPhiladelphia : _bOpen University Press, _c2000. |
||
| 300 |
_aviii, 120 p. ; _c23 cm. |
||
| 650 | 0 |
_aNurse and physician _zGreat Britain. |
|
| 650 | 0 |
_aPrimary care (Medicine) _zGreat Britain. |
|
| 856 | 4 | 1 |
_3Table of contents _uhttp://www.loc.gov/catdir/toc/fy034/99049874.html |
| 942 |
_2lcc _cBK _n0 |
||
| 999 |
_c7962 _d7962 |
||